000 00638nam a2200229 a 4500
999 _c568
_d568
008 190916s2003 ii ||||g |||| 00| 1 eng d
020 _a9780722537510
_cRs. 350.00
040 _aKO
_beng
041 0 _aeng
_hpor
044 _aii
082 0 4 _223
_a869.3
_bC6506
100 1 _aCoelho, Paulo
245 1 0 _aThe Fifth Mountain /
_cPaulo Coelho ; Translated by Clifford E. Landers
260 _aNoida :
_bHarper Collins Publishers,
_c2003
300 _a245 p. ;
_c17.5 cm.
650 0 _aProphets
_xFiction
650 0 _aPhoenicia
_xReligious fiction
700 _aLanders, Clifford E.
_etrl
904 _aS_JOY
942 _cBK